| 000 | 00473nam a2200193Ia 4500 | ||
|---|---|---|---|
| 005 | 20241128123558.0 | ||
| 008 | 131103s9999 xx 000 0 und d | ||
| 040 | _aLoreto College | ||
| 041 | _aEnglish | ||
| 082 |
_a900/N _bGAG |
||
| 100 | _aGagg, J.C. | ||
| 245 |
_aPeople through the years _cJ.C.Gagg |
||
| 260 |
_aLondon _bChatto _c1960 |
||
| 300 | _a30p | ||
| 440 | _aYoung learners books history | ||
| 650 | _aWorld - history | ||
| 850 | _aLCBED | ||
| 942 | _cBK | ||
| 999 |
_c28921 _d79400 |
||